[Event "C.to Provinciale TP"]
[Site "Erice ITA"]
[Date "2010.01.11"]
[Round "1"]
[White "Bucaria, Ester"]
[Black "Cassia, Giuseppe"]
[Result "0-1"]
[WhiteElo "1224"]
[BlackElo "1577"]
[PlyCount "79"]
[EventDate "2010.01.10"]

1. e4 e6 2. Nf3 d5 3. e5 c5 4. d3 Nc6 5. Nc3 d4 6. Ne4 f6 7. Bf4 Qc7 8. Nd6+
Bxd6 9. exd6 Qb6 10. Qd2 Qxb2 11. Qc1 Qxc1+ 12. Rxc1 e5 13. Bg3 Be6 14. c4 Nh6
15. h3 Nf5 16. Bh2 Nxd6 17. a3 Kd7 18. Be2 Rae8 19. O-O Bf5 20. Nh4 g6 21. Nxf5
Nxf5 22. Bg4 Nce7 23. Bxf5+ Nxf5 24. Rb1 b6 25. Rfe1 h5 26. g3 Nd6 27. f4 e4
28. Rbd1 exd3 29. Rxe8 Rxe8 30. Rxd3 Nxc4 31. Rd1 Re2 32. Kh1 Kc6 33. Bg1 Nd2
34. Rc1 Nf3 35. Rf1 Nxg1 36. Kxg1 d3 37. Rd1 d2 38. Kf1 Re1+ 39. Rxe1 dxe1=Q+
40. Kxe1 0-1

[Event "C.to Provinciale TP"]
[Site "Erice ITA"]
[Date "2010.01.11"]
[Round "1"]
[White "Bucca, Angelo"]
[Black "Pandolfo, Sergio"]
[Result "0-1"]
[WhiteElo "1401"]
[BlackElo "1640"]
[PlyCount "166"]
[EventDate "2010.01.10"]

1. e4 c5 2. Nc3 d6 3. Bc4 Nf6 4. Nf3 Bg4 5. h3 Bh5 6. Be2 Nc6 7. Nd5 Nxe4 8.
Nf4 Bxf3 9. Bxf3 Nf6 10. Nh5 Nxh5 11. Bxh5 g6 12. Bg4 Bg7 13. O-O O-O 14. c3
Ne5 15. Be2 a6 16. d4 cxd4 17. cxd4 Nc6 18. d5 Nd4 19. Be3 Nxe2+ 20. Qxe2 Rc8
21. Qd3 Qd7 22. Bd4 Bxd4 23. Qxd4 Rc2 24. Qb4 Rfc8 25. Rab1 R8c5 26. Qb3 Qb5
27. Qxb5 Rxb5 28. Rfe1 Kf8 29. a4 Rxd5 30. b3 Rdd2 31. Rf1 Rb2 32. Rxb2 Rxb2
33. Rc1 Rxb3 34. Rc8+ Kg7 35. Re8 e6 36. Rd8 d5 37. Kf1 Rb2 38. Rb8 b5 39. Rb6
Ra2 40. axb5 axb5 41. Rxb5 Kf6 42. Rb4 g5 43. h4 h5 44. hxg5+ Kxg5 45. f4+ Kf5
46. Rd4 Rc2 47. Kg1 Rc4 48. Rd3 Rxf4 49. g3 Rg4 50. Rf3+ Kg6 51. Kh2 h4 52.
gxh4 Rxh4+ 53. Kg2 e5 54. Rg3+ Kf5 55. Rf3+ Rf4 56. Rh3 e4 57. Rh5+ Ke6 58.
Rh6+ Rf6 59. Rh5 e3 60. Rh1 d4 61. Re1 Ke5 62. Re2 Rf2+ 63. Rxf2 exf2 64. Kxf2
Kf4 65. Ke2 Ke4 66. Kd2 f5 67. Ke1 Ke3 68. Kd1 Kd3 69. Ke1 Kc2 70. Kf2 d3 71.
Kf3 d2 72. Kf4 d1=Q 73. Kxf5 Qd4 74. Ke6 Kc3 75. Kf7 Qd6 76. Ke8 Qc7 77. Kf8
Qd7 78. Kg8 Qe7 79. Kh8 Kd4 80. Kg8 Ke5 81. Kh8 Kf6 82. Kg8 Kg6 83. Kh8 Qg7#
0-1

[Event "C.to Provinciale TP"]
[Site "Erice ITA"]
[Date "2010.01.11"]
[Round "1"]
[White "Cerami, Giuseppe"]
[Black "Romeo, Ettore"]
[Result "1-0"]
[WhiteElo "1589"]
[BlackElo "1335"]
[PlyCount "43"]
[EventDate "2010.01.10"]

1. e4 e5 2. f4 exf4 3. Nf3 Nf6 4. Nc3 Bb4 5. e5 Bxc3 6. bxc3 Qe7 7. Bc4 d5 8.
Bb3 Ng4 9. O-O Qc5+ 10. d4 Qxc3 11. Bxf4 Ne3 12. Bxe3 Qxe3+ 13. Kh1 f6 14. exf6
gxf6 15. Re1 Qe4 16. Rxe4+ dxe4 17. Nd2 Bf5 18. Qh5+ Bg6 19. Qb5+ c6 20. Qxb7
Kf8 21. Nxe4 Bxe4 22. Qf7# 1-0

[Event "C.to Provinciale TP"]
[Site "Erice ITA"]
[Date "2010.01.10"]
[Round "1"]
[White "Guarino, Giuseppe"]
[Black "Gigante, Giovanni"]
[Result "1-0"]
[WhiteElo "1497"]
[BlackElo "1895"]
[PlyCount "87"]
[EventDate "2010.01.10"]

1. e4 c6 2. d4 d5 3. Nc3 g6 4. Nf3 Bg7 5. Bd3 Bg4 6. Be3 dxe4 7. Nxe4 Bxf3 8.
Qxf3 Nf6 9. O-O Nd5 10. c3 O-O 11. Ng5 Nd7 12. Qh3 N7f6 13. Bd2 Qd6 14. f4 Rad8
15. f5 c5 16. fxg6 fxg6 17. Bc4 h6 18. Ne6 Rf7 19. Nxd8 Qxd8 20. Bxh6 cxd4 21.
Bxg7 Kxg7 22. cxd4 b5 23. Bb3 Rf8 24. Qe6 Nb6 25. Qe5 a6 26. Rf4 Nbd5 27. Bxd5
Qxd5 28. Qxd5 Nxd5 29. Rxf8 Kxf8 30. Rf1+ Kg7 31. g3 e6 32. Re1 Kf6 33. Re5 Nb4
34. a3 Nd3 35. Re3 Nc1 36. Rf3+ Ke7 37. h4 Ne2+ 38. Kg2 Nxd4 39. Rd3 e5 40. Kf2
Ke6 41. g4 a5 42. h5 gxh5 43. gxh5 Kf5 44. Rh3 1-0

[Event "C.to Provinciale TP"]
[Site "Erice ITA"]
[Date "2010.01.11"]
[Round "1"]
[White "Guirreri, Filippo"]
[Black "Castelli, Giovanni J."]
[Result "0-1"]
[WhiteElo "1418"]
[BlackElo "1782"]
[PlyCount "84"]
[EventDate "2010.01.10"]

1. e4 Nf6 2. Nc3 d5 3. exd5 Nxd5 4. Nxd5 Qxd5 5. Nf3 Bg4 6. Be2 Nc6 7. c3 O-O-O
8. d4 e5 9. Nxe5 Bxe2 10. Qxe2 Nxe5 11. Qxe5 Qxg2 12. Rf1 Bd6 13. Qf5+ Kb8 14.
Be3 Qg6 15. Qxg6 hxg6 16. O-O-O Rxh2 17. Rh1 Rdh8 18. Rxh2 Rxh2 19. Re1 Kc8 20.
Rg1 Kd7 21. Re1 Rh4 22. d5 Bf4 23. Kc2 Bxe3 24. fxe3 Kd6 25. e4 Ke5 26. Kd3 b5
27. b3 Rh3+ 28. Kc2 Rh2+ 29. Kd3 Rxa2 30. Rh1 Rg2 31. Rh7 Rg3+ 32. Kc2 Kxe4 33.
Rxg7 Rg2+ 34. Kd1 Kd3 35. Ke1 Kxc3 36. Kd1 Rd2+ 37. Ke1 Rxd5 38. Rxf7 Kxb3 39.
Rxc7 a5 40. Ke2 a4 41. Rc1 Kb2 42. Rg1 a3 0-1

[Event "C.to Provinciale TP"]
[Site "Erice ITA"]
[Date "2010.01.11"]
[Round "1"]
[White "Gullo, Antonino"]
[Black "Melograni, Francesco"]
[Result "0-1"]
[WhiteElo "1443"]
[BlackElo "1832"]
[PlyCount "54"]
[EventDate "2010.01.10"]

1. e4 e5 2. Nf3 Nc6 3. Bc4 Bc5 4. Nc3 d6 5. h3 h6 6. d3 Nge7 7. O-O O-O 8. Bd2
Be6 9. Nd5 Qd7 10. Kh2 Bb6 11. Qc1 Kh7 12. a3 f5 13. Be3 fxe4 14. dxe4 Bxh3 15.
Nxb6 axb6 16. Rg1 Bxg2 17. Kxg2 Qg4+ 18. Kf1 Qxf3 19. Ke1 Ng6 20. Bd3 Nd4 21.
Qd2 Nf4 22. Rg3 Ng2+ 23. Kf1 Qxg3 24. Bxd4 exd4 25. e5+ Kh8 26. exd6 Ne3+ 27.
Ke1 Qg1+ 0-1

[Event "C.to Provinciale TP"]
[Site "Erice ITA"]
[Date "2010.01.11"]
[Round "1"]
[White "Lo Bosco, Salvatore"]
[Black "Sardo, Riccardo"]
[Result "1-0"]
[WhiteElo "1639"]
[BlackElo "1377"]
[PlyCount "65"]
[EventDate "2010.01.10"]

1. e4 e5 2. Nc3 Nc6 3. Bc4 Nf6 4. d3 Bc5 5. Bg5 d6 6. Qd2 Nd4 7. f4 c6 8. Nge2
h6 9. fxe5 hxg5 10. exf6 gxf6 11. Ng3 Bh3 12. O-O-O Bg4 13. Rdf1 Qe7 14. h3 Bh5
15. Kb1 O-O-O 16. Nf5 Qe5 17. Nxd4 Bxd4 18. Rf5 Qe7 19. Ne2 Bxe2 20. Qxe2 d5
21. Bb3 Rde8 22. Re1 dxe4 23. dxe4 Rh4 24. e5 Rh6 25. e6 fxe6 26. Bxe6+ Kb8 27.
Bc4 Rh7 28. c3 b5 29. Bxb5 cxb5 30. Qxb5+ Qb7 31. Rxe8+ Kc7 32. Qxb7+ Kxb7 33.
cxd4 1-0

[Event "C.to Provinciale TP"]
[Site "Erice ITA"]
[Date "2010.01.11"]
[Round "1"]
[White "Lo Piccolo, Antonino"]
[Black "Romeo, Giacomo"]
[Result "1-0"]
[WhiteElo "1873"]
[BlackElo "1488"]
[PlyCount "69"]
[EventDate "2010.01.10"]

1. e4 e5 2. Nf3 Nc6 3. d4 exd4 4. Bc4 Nf6 5. e5 d5 6. Bb5 Ng4 7. Qxd4 a6 8.
Bxc6+ bxc6 9. Nc3 Be6 10. h3 c5 11. Qa4+ Bd7 12. Qf4 Nh6 13. Nxd5 Bc6 14. Ne3
Be7 15. O-O O-O 16. Rd1 Qb8 17. Nd5 Qd8 18. Nf6+ gxf6 19. Rxd8 Raxd8 20. Qxh6
Rd5 21. exf6 Bxf6 22. Qxf6 Rd6 23. Qg5+ Kh8 24. Ne5 Rd1+ 25. Kh2 Rf1 26. Nxc6
f6 27. Qxc5 Re8 28. Bg5 Rxa1 29. Bxf6+ Kg8 30. Qg5+ Kf7 31. Qg7+ Ke6 32. Nd4+
Kd6 33. Qg3+ Kc5 34. Qxc7+ Kd5 35. Qc6# 1-0

[Event "C.to Provinciale TP"]
[Site "Erice ITA"]
[Date "2010.01.11"]
[Round "1"]
[White "Monaco, Alessandro"]
[Black "Krumbiegel, Michael"]
[Result "0-1"]
[WhiteElo "1805"]
[BlackElo "1422"]
[PlyCount "74"]
[EventDate "2010.01.10"]

1. e4 e5 2. Bc4 Nf6 3. d3 Bc5 4. Ne2 d6 5. Bg5 h6 6. Be3 Bb6 7. O-O O-O 8. Nbc3
c6 9. h3 d5 10. exd5 cxd5 11. Bxb6 axb6 12. Bb3 Nc6 13. a3 Ra5 14. Ng3 Nd4 15.
Ba2 Qc7 16. Rc1 Rc5 17. Nge2 Re8 18. Nxd4 exd4 19. Ne2 Qe5 20. Re1 Qg5 21. Ng3
Rxe1+ 22. Qxe1 Be6 23. c3 b5 24. Rc2 Rc8 25. Qc1 Qg6 26. Qd2 Nh5 27. Nxh5 Qxh5
28. Kf1 Re8 29. Qe2 Qxe2+ 30. Rxe2 dxc3 31. bxc3 Ra8 32. Re5 Rxa3 33. Bxd5 Bd7
34. Re7 Bc6 35. Bxf7+ Kf8 36. Rc7 Rxc3 37. Bg6 Bxg2+ 0-1

[Event "C.to Provinciale TP"]
[Site "Erice ITA"]
[Date "2010.01.11"]
[Round "1"]
[White "Oddo, Salvatore"]
[Black "Cleal, John"]
[Result "1-0"]
[WhiteElo "1547"]
[BlackElo "1952"]
[PlyCount "57"]
[EventDate "2010.01.10"]

1. Nf3 Nf6 2. g3 g6 3. Bg2 Bg7 4. d3 d6 5. e4 c5 6. O-O Nc6 7. Nbd2 O-O 8. c3
Rb8 9. a4 a6 10. Re1 b5 11. e5 dxe5 12. Nxe5 Nxe5 13. Rxe5 Qd6 14. Nf3 Bb7 15.
Bf4 Nd5 16. Rxd5 Qxd5 17. Bxb8 Rxb8 18. axb5 axb5 19. Ra7 Qd6 20. Qe2 Bf6 21.
Ne1 Bxg2 22. Nxg2 b4 23. c4 Qd4 24. b3 Rd8 25. Nf4 e6 26. h4 Bxh4 27. Nxe6 Qxd3
28. Qxd3 Rxd3 29. Ra8+ 1-0

[Event "C.to Provinciale TP"]
[Site "Erice ITA"]
[Date "2010.01.11"]
[Round "1"]
[White "Piazza, Dario"]
[Black "Messina, Damiano"]
[Result "1-0"]
[WhiteElo "1569"]
[BlackElo "2003"]
[PlyCount "103"]
[EventDate "2010.01.10"]

1. e4 c5 2. Nc3 e6 3. f4 d6 4. Nf3 a6 5. g3 Nc6 6. Bg2 Qc7 7. O-O Nf6 8. Re1 g6
9. d4 cxd4 10. Nxd4 Bg7 11. Nxc6 bxc6 12. Qd3 Bb7 13. Be3 O-O 14. Rad1 Rfd8 15.
Qe2 Rab8 16. Rd2 c5 17. b3 d5 18. Bf2 Qa5 19. Na4 d4 20. e5 Nd5 21. Bxd5 Rxd5
22. Red1 Bc6 23. Nb2 Bb5 24. Nc4 Qxa2 25. Qf1 Bxc4 26. Qxc4 Bf8 27. Qd3 Qa5 28.
Qe2 Be7 29. Be1 Qb5 30. Ra1 Qxe2 31. Rxe2 Ra8 32. Rd2 f6 33. exf6 Bxf6 34. Ra5
Bd8 35. Ra4 Kf7 36. Rd3 e5 37. c4 Rd6 38. fxe5 Re6 39. Rf3+ Kg7 40. Bf2 Rxe5
41. b4 Bf6 42. bxc5 Re4 43. c6 a5 44. Rd3 Kf7 45. c5 Ke6 46. Bxd4 Be7 47. Re3
Rxe3 48. Bxe3 Kd5 49. c7 Bxc5 50. Bxc5 Kxc5 51. Rxa5+ Rxa5 52. c8=Q+ 1-0

[Event "C.to Provinciale TP"]
[Site "Erice ITA"]
[Date "2010.01.11"]
[Round "1"]
[White "Piazza, Francesco"]
[Black "Savalla, Pietro"]
[Result "0-1"]
[WhiteElo "1359"]
[BlackElo "1612"]
[PlyCount "58"]
[EventDate "2010.01.10"]

1. e4 e5 2. Nf3 Nf6 3. Nc3 Nc6 4. Bb5 d6 5. d4 Bd7 6. dxe5 Nxe5 7. Bxd7+ Nexd7
8. O-O Be7 9. Re1 Ne5 10. Bf4 Ng6 11. e5 dxe5 12. Bxe5 O-O 13. Ne4 Nxe5 14.
Nxf6+ Bxf6 15. Nxe5 Re8 16. Nd3 Rxe1+ 17. Qxe1 Qe8 18. Rd1 Bd4 19. c3 Bb6 20.
Nb4 Qxe1+ 21. Rxe1 Rd8 22. Nd5 Kf8 23. Nb4 Rd2 24. b3 Bxf2+ 25. Kf1 Bxe1 26.
Kxe1 Rxg2 27. Nd5 Rxh2 28. Nxc7 Rxa2 29. Nb5 Rb2 0-1

[Event "C.to Provinciale TP"]
[Site "Erice ITA"]
[Date "2010.01.11"]
[Round "1"]
[White "Savalla, Salvatore"]
[Black "Savalla, Gianluca"]
[Result "1-0"]
[WhiteElo "1706"]
[BlackElo "1410"]
[PlyCount "79"]
[EventDate "2010.01.10"]

1. e4 e5 2. Nf3 Nc6 3. Bc4 Nf6 4. Nc3 Be7 5. O-O O-O 6. d3 d6 7. h3 h6 8. Be3
Be6 9. Nd5 Nxd5 10. exd5 e4 11. dxe4 Na5 12. Qd3 Bd7 13. b4 Nxc4 14. Qxc4 a6
15. Rfe1 Bb5 16. Qb3 Bf6 17. Rac1 Re8 18. Bd4 Bxd4 19. Nxd4 Qg5 20. Nxb5 axb5
21. Ra1 Qf6 22. f3 Re5 23. a4 bxa4 24. Rxa4 Rxa4 25. Qxa4 Rg5 26. Rf1 Rg6 27.
Qa8+ Kh7 28. Qxb7 Qd4+ 29. Kh2 Qd2 30. Rg1 Qf4+ 31. Kh1 Qg3 32. Qxc7 Rg5 33.
Qxf7 Rg6 34. b5 Rf6 35. Qd7 Rxf3 36. gxf3 Qxf3+ 37. Rg2 Qf1+ 38. Kh2 Qf4+ 39.
Kg1 Qc1+ 40. Kf2 1-0

[Event "C.to Provinciale TP"]
[Site "Erice ITA"]
[Date "2010.01.11"]
[Round "1"]
[White "Speciale, Francesco"]
[Black "Meo, Antonino"]
[Result "1-0"]
[WhiteElo "1911"]
[BlackElo "1515"]
[PlyCount "49"]
[EventDate "2010.01.10"]

1. d4 g6 2. Nf3 Bg7 3. c4 d6 4. Nc3 Nf6 5. h3 O-O 6. e4 Nc6 7. Be3 e5 8. d5 Ne7
9. Qd2 c6 10. dxc6 bxc6 11. Rd1 d5 12. cxd5 cxd5 13. exd5 e4 14. Ng5 Re8 15.
Bc4 Qd6 16. Nb5 Qd7 17. d6 Nf5 18. Bxf7+ Kh8 19. Bxe8 Nxe8 20. Nc7 Nxc7 21.
dxc7 Qxc7 22. Qd8+ Qxd8 23. Rxd8+ Bf8 24. Rxf8+ Kg7 25. Ne6+ 1-0

[Event "C.to Provinciale TP"]
[Site "Erice ITA"]
[Date "2010.01.11"]
[Round "2"]
[White "Cassia, Giuseppe"]
[Black "Bertino, Giacomo"]
[Result "0-1"]
[WhiteElo "1577"]
[BlackElo "2002"]
[PlyCount "78"]
[EventDate "2010.01.10"]

1. c4 b6 2. Nc3 Bb7 3. d4 Nf6 4. Nf3 e6 5. Bg5 Be7 6. Qc2 d5 7. e3 O-O 8. cxd5
Nxd5 9. Bxe7 Nxe7 10. Bd3 h6 11. O-O-O Nd7 12. Be4 Nd5 13. Nxd5 exd5 14. Bf5 c5
15. Bxd7 Qxd7 16. Kb1 Rfc8 17. Ne5 Qe6 18. Qa4 f6 19. Nd3 cxd4 20. Qxd4 Rc4 21.
Nf4 Qf7 22. Qd2 d4 23. b3 dxe3 24. fxe3 Be4+ 25. Ka1 Rc2 26. Qb4 f5 27. Qd6 g5
28. Nd3 Qg7+ 29. Qd4 Qe7 30. Nb4 Rxg2 31. Qc4+ Kh7 32. Rc1 Qe5+ 33. Qd4 Qxd4+
34. exd4 a5 35. Nc6 Rd2 36. Rhd1 Rxd1 37. Rxd1 Bxc6 38. Re1 Re8 39. Rd1 Be4 0-1

[Event "C.to Provinciale TP"]
[Site "Erice ITA"]
[Date "2010.01.11"]
[Round "2"]
[White "Castelli, Giovanni J."]
[Black "Piazza, Dario"]
[Result "1/2-1/2"]
[WhiteElo "1782"]
[BlackElo "1569"]
[PlyCount "105"]
[EventDate "2010.01.10"]

1. e4 e5 2. Nf3 Nc6 3. d4 exd4 4. Bc4 Bb4+ 5. c3 dxc3 6. bxc3 Ba5 7. O-O Nge7
8. Ng5 Ne5 9. Nxf7 Nxf7 10. Bxf7+ Kxf7 11. Qh5+ g6 12. Qxa5 b6 13. Qa4 Bb7 14.
Bh6 c5 15. Qb3+ d5 16. Rd1 Re8 17. exd5 Nxd5 18. Na3 Qe7 19. Nc2 c4 20. Qxc4
Rac8 21. Qd4 Qe5 22. c4 Nc3 23. Qxe5 Rxe5 24. Rd7+ Re7 25. Rxe7+ Kxe7 26. Ne3
Ba6 27. Nd5+ Nxd5 28. cxd5 Kd6 29. Rd1 Bc4 30. Bf4+ Kd7 31. a3 Bb3 32. Rd3 Bc2
33. Rd2 Rc4 34. g3 Be4 35. Rd1 b5 36. Rc1 Bxd5 37. Rxc4 bxc4 38. Be5 Bf3 39.
Kf1 Kc6 40. Ke1 Kb5 41. Kd2 Ka4 42. Bd6 Kb3 43. Bb4 g5 44. h4 h6 45. hxg5 hxg5
46. Bd6 c3+ 47. Kc1 g4 48. Be7 Be4 49. Bd6 Kc4 50. Be5 Kd3 51. Bd6 c2 52. Bb4
Ke2 53. Bc5 1/2-1/2

[Event "C.to Provinciale TP"]
[Site "Erice ITA"]
[Date "2010.01.10"]
[Round "2"]
[White "Gigante, Giovanni"]
[Black "Messina, Damiano"]
[Result "1/2-1/2"]
[WhiteElo "1895"]
[BlackElo "2003"]
[PlyCount "118"]
[EventDate "2010.01.10"]

1. d4 Nf6 2. Nf3 e6 3. e3 b6 4. Bd3 Bb7 5. Nbd2 d5 6. O-O Bd6 7. b3 O-O 8. Bb2
Nbd7 9. Ne5 Bxe5 10. dxe5 Ne4 11. f4 Nxd2 12. Qxd2 f6 13. f5 Nxe5 14. fxe6 Qe7
15. Bf5 Rad8 16. Qe2 Bc8 17. e4 d4 18. Rad1 c5 19. c3 d3 20. Qe3 c4 21. Qc1
Bxe6 22. Ba3 Qf7 23. Bxf8 Bxf5 24. Rxf5 Rxf8 25. Rdf1 Qb7 26. Qf4 Ng6 27. Qf3
Nh4 28. Qe3 Nxf5 29. exf5 b5 30. Rf4 Qb6 31. Kf2 Qxe3+ 32. Kxe3 Re8+ 33. Kf2
Re2+ 34. Kf3 Rxa2 35. bxc4 bxc4 36. Rxc4 h6 37. Rd4 d2 38. c4 a5 39. c5 Rc2 40.
g4 Rxc5 41. Rxd2 Kh7 42. Rd7 Rc4 43. Ra7 a4 44. h4 Kg8 45. Ra8+ Kf7 46. Ra7+
Kf8 47. Ra8+ Kf7 48. Ra7+ Kg8 49. Ra8+ Kh7 50. h5 Rc3+ 51. Kf4 a3 52. Ke4 Rb3
53. Kf4 Rb4+ 54. Kf3 Rb3+ 55. Kf4 Rh3 56. Ke4 Rg3 57. Kf4 Rd3 58. Ke4 Rc3 59.
Kf4 Rh3 1/2-1/2

[Event "C.to Provinciale TP"]
[Site "Erice ITA"]
[Date "2010.01.10"]
[Round "2"]
[White "Guarino, Giuseppe"]
[Black "Lo Bosco, Salvatore"]
[Result "0-1"]
[WhiteElo "1497"]
[BlackElo "1639"]
[PlyCount "134"]
[EventDate "2010.01.10"]

1. e4 c5 2. Nf3 Nc6 3. d4 cxd4 4. Nxd4 e6 5. Be2 Qc7 6. Nc3 a6 7. Be3 Be7 8.
O-O Nf6 9. f3 b5 10. a3 Bb7 11. Nb3 Rc8 12. Na2 O-O 13. Qd2 Rfd8 14. c3 d6 15.
Rac1 Ne5 16. Bf2 Nc4 17. Bxc4 bxc4 18. Nd4 Nd7 19. Qe3 Ne5 20. Bg3 Nd3 21. Rc2
Qc5 22. Re2 Bf6 23. Rd1 Bg5 24. f4 Bh6 25. Kf1 e5 26. Nf5 Qxe3 27. Nxh6+ gxh6
28. Rxe3 exf4 29. Rexd3 cxd3 30. Bxf4 Bxe4 31. Nc1 Rb8 32. Nxd3 d5 33. Bxb8
Rxb8 34. b4 Rc8 35. Nc5 f5 36. g3 Kf7 37. Rc1 a5 38. Kf2 axb4 39. cxb4 Ra8 40.
Ra1 Ke7 41. Ke3 Kd6 42. Kd4 Bc2 43. a4 Rb8 44. a5 Rxb4+ 45. Ke3 Kxc5 46. a6 Rb8
47. a7 Ra8 48. Rc1 d4+ 49. Kd2 d3 50. Ra1 Kb6 51. Ra2 Rxa7 52. Rb2+ Kc6 53. Rb4
Re7 54. Rh4 Kc5 55. Rxh6 Kd4 56. Rd6+ Kc5 57. Rf6 Re2+ 58. Kc3 Rf2 59. g4 f4
60. h4 Bb1 61. Rf7 d2 62. Rd7 f3 63. Rxd2 Rxd2 64. Kxd2 Be4 65. Ke3 Kd5 66. h5
Ke5 67. g5 Kf5 0-1

[Event "C.to Provinciale TP"]
[Site "Erice ITA"]
[Date "2010.01.11"]
[Round "2"]
[White "Krumbiegel, Michael"]
[Black "Speciale, Francesco"]
[Result "0-1"]
[WhiteElo "1422"]
[BlackElo "1911"]
[PlyCount "100"]
[EventDate "2010.01.10"]

1. e4 c5 2. Bc4 e6 3. d3 Nc6 4. Nf3 Nf6 5. Bb3 Be7 6. e5 Nd5 7. Bxd5 exd5 8.
O-O O-O 9. c3 d6 10. Bf4 Bg4 11. Re1 dxe5 12. Bxe5 Nxe5 13. Rxe5 Bf6 14. Re1
Qd7 15. Nbd2 b6 16. Qc2 Bf5 17. b3 c4 18. bxc4 dxc4 19. Nxc4 Qxd3 20. Qxd3 Bxd3
21. Nce5 Bf5 22. Re3 Rac8 23. Rae1 h6 24. Nd4 Bg6 25. Nd7 Bxd4 26. cxd4 Rfd8
27. Re7 Bf5 28. Ne5 Be6 29. Nf3 a5 30. h3 b5 31. Ra7 a4 32. Re5 Rc1+ 33. Kh2
Bc4 34. Rc7 Ra1 35. Nd2 Rxd4 36. Nxc4 bxc4 37. Re8+ Kh7 38. Re2 Rc1 39. Rxf7
Rd6 40. Ree7 Rg6 41. f4 Rc2 42. Re1 Rgxg2+ 43. Kh1 Rxa2 44. Rc1 Rac2 45. Rxc2
Rxc2 46. f5 a3 47. f6 Kg6 48. Ra7 Kxf6 49. Rxa3 c3 50. Ra1 Rd2 0-1

[Event "C.to Provinciale TP"]
[Site "Erice ITA"]
[Date "2010.01.11"]
[Round "2"]
[White "Melograni, Francesco"]
[Black "Cerami, Giuseppe"]
[Result "1-0"]
[WhiteElo "1832"]
[BlackElo "1589"]
[PlyCount "89"]
[EventDate "2010.01.10"]

1. e4 e6 2. d4 d5 3. Nc3 Nf6 4. Bg5 Be7 5. e5 Nfd7 6. Bxe7 Qxe7 7. Qg4 O-O 8.
f4 f6 9. Nf3 a6 10. Bd3 c5 11. Qh4 g6 12. O-O Nc6 13. exf6 Qxf6 14. Qxf6 Rxf6
15. g3 Nxd4 16. Nxd4 cxd4 17. Ne2 Nc5 18. Rad1 Bd7 19. Nxd4 Rc8 20. Rfe1 Kf7
21. Re3 Re8 22. Rde1 Kf8 23. Bf1 Ne4 24. Bg2 Nd6 25. b3 Kf7 26. Nf3 Bc8 27.
Ng5+ Kg7 28. Bxd5 Nf5 29. Nxe6+ Bxe6 30. Rxe6 Rfxe6 31. Rxe6 Rxe6 32. Bxe6 Nd4
33. Bc8 Nxc2 34. Bxb7 a5 35. Kf2 Nd4 36. Ke3 Nf5+ 37. Kd3 Kf6 38. g4 Nd6 39.
Bc6 h5 40. h3 h4 41. a3 Ke6 42. b4 Nc8 43. bxa5 Kd6 44. Be4 Na7 45. a6 1-0

[Event "C.to Provinciale TP"]
[Site "Erice ITA"]
[Date "2010.01.11"]
[Round "2"]
[White "Messina, Rosario"]
[Black "Bucca, Angelo"]
[Result "0-1"]
[WhiteElo "1577"]
[BlackElo "1401"]
[PlyCount "24"]
[EventDate "2010.01.10"]

1. e4 e5 2. Nf3 Nf6 3. Bc4 Bc5 4. d3 h6 5. Nxe5 O-O 6. Nf3 Ng4 7. h3 Nxf2 8.
Qe2 Nxh1 9. Bf4 Qf6 10. Be5 Qb6 11. b3 Bf2+ 12. Kf1 Ng3+ 0-1

[Event "C.to Provinciale TP"]
[Site "Erice ITA"]
[Date "2010.01.11"]
[Round "2"]
[White "Oddo, Salvatore"]
[Black "Savalla, Salvatore"]
[Result "0-1"]
[WhiteElo "1547"]
[BlackElo "1706"]
[PlyCount "150"]
[EventDate "2010.01.10"]

1. Nf3 Nf6 2. g3 Nc6 3. Bg2 e5 4. d3 Be7 5. e4 d6 6. Nbd2 O-O 7. O-O b6 8. a4
Rb8 9. c3 Bb7 10. Qc2 Re8 11. Rd1 d5 12. b4 d4 13. Bb2 dxc3 14. Bxc3 Bxb4 15.
Nc4 Bxc3 16. Qxc3 Nd7 17. Bh3 f6 18. Ne3 Ne7 19. Nh4 c5 20. Nhf5 Nxf5 21. Nxf5
Nf8 22. Qc4+ Kh8 23. Rab1 Bc8 24. g4 Bxf5 25. gxf5 Rb7 26. Rb3 Rd7 27. Rdb1 Rd4
28. Qa6 Qc7 29. Bf1 Rb8 30. a5 Nd7 31. axb6 axb6 32. Ra1 h6 33. Qb5 Rb4 34.
Rxb4 cxb4 35. Qxb4 Qc5 36. Rb1 Qxb4 37. Rxb4 Nc5 38. f3 Nd7 39. Kf2 Ra8 40. Ke3
Ra3 41. Rb2 Kg8 42. f4 Ra1 43. Be2 Ra3 44. fxe5 fxe5 45. Rb5 Ra5 46. d4 exd4+
47. Kxd4 Kf8 48. h4 Ke7 49. e5 Ra4+ 50. Bc4 Ra5 51. e6 Rxb5 52. Bxb5 Nf6 53.
Be2 Kd6 54. Bf3 Ne8 55. Be2 Nf6 56. Bf3 Ng8 57. Be4 Ne7 58. h5 Ng8 59. Kc4 Nf6
60. Bf3 Ke5 61. e7 Kd6 62. Kb5 Kxe7 63. Kxb6 Kd6 64. Be2 Ke5 65. Bd3 Kf4 66.
Kc6 Nxh5 67. Kd7 Ng3 68. Ke6 h5 69. Kf7 h4 70. Kxg7 Nxf5+ 71. Kf7 Kg4 72. Ba6
h3 73. Kf6 h2 74. Bb7 Nh4 75. Bc6 Nf3 0-1

[Event "C.to Provinciale TP"]
[Site "Erice ITA"]
[Date "2010.01.10"]
[Round "2"]
[White "Pandolfo, Sergio"]
[Black "Lo Piccolo, Antonino"]
[Result "0-1"]
[WhiteElo "1640"]
[BlackElo "1873"]
[PlyCount "112"]
[EventDate "2010.01.10"]

1. d4 Nf6 2. Nf3 g6 3. c4 Bg7 4. Nc3 O-O 5. e4 d6 6. Be2 c5 7. dxc5 Qa5 8. O-O
dxc5 9. Qc2 Nc6 10. a3 Bg4 11. Be3 Rfd8 12. Rad1 Bxf3 13. Bxf3 Nd4 14. Qc1
Nxf3+ 15. gxf3 Nh5 16. Nd5 e6 17. Nf4 Nxf4 18. Bxf4 Qb6 19. e5 Qc7 20. Qc3 Rd7
21. Rxd7 Qxd7 22. Be3 b6 23. Re1 Rd8 24. Kf1 Qd3+ 25. Qxd3 Rxd3 26. Ke2 Rb3 27.
Bc1 Bxe5 28. Rd1 Kg7 29. Rd3 Rxd3 30. Kxd3 Bxh2 31. f4 e5 32. fxe5 Bxe5 33. b3
f5 34. b4 Kf6 35. bxc5 bxc5 36. Be3 Bd6 37. a4 f4 38. Bd2 g5 39. Ke4 Ke6 40. f3
h5 41. Be1 h4 42. Bf2 h3 43. Bg1 Be5 44. Kd3 Bd4 45. Bh2 Bf2 46. Ke2 Bg3 47.
Bxg3 fxg3 48. Kf1 g2+ 49. Kf2 Kf5 50. a5 a6 51. Kg1 Ke5 52. Kh2 Kf4 53. Kxh3
g1=R 54. Kh2 Rg3 55. Kh1 Kxf3 56. Kh2 Kf2 0-1

[Event "C.to Provinciale TP"]
[Site "Erice ITA"]
[Date "2010.01.11"]
[Round "2"]
[White "Pantano, Giuseppe"]
[Black "Cleal, John"]
[Result "0-1"]
[WhiteElo "1563"]
[BlackElo "1952"]
[PlyCount "92"]
[EventDate "2010.01.10"]

1. d4 Nf6 2. c4 c5 3. dxc5 Na6 4. Nc3 Nxc5 5. Bf4 d6 6. b4 Ne6 7. Bg3 g6 8. e4
Bg7 9. Rc1 Nh5 10. Nf3 O-O 11. Be2 Nef4 12. O-O Nxg3 13. hxg3 Nxe2+ 14. Qxe2
Bg4 15. Rfd1 b6 16. Nd5 Bh6 17. Rc2 Bd7 18. Nc3 Re8 19. Nd4 Bg7 20. f4 Qc8 21.
Rdc1 Bxd4+ 22. Kf1 e5 23. Nd5 exf4 24. gxf4 Bg7 25. c5 Bg4 26. Qd3 dxc5 27.
bxc5 b5 28. c6 Rb8 29. c7 Rb7 30. f5 gxf5 31. Ne7+ Rxe7 32. Qd8+ Re8 33. Qxe8+
Qxe8 34. c8=Q Qxc8 35. Rxc8+ Bf8 36. e5 f4 37. Rd8 Be6 38. Rc2 Kg7 39. Kf2 Be7
40. Rd1 Bh4+ 41. Kf3 Bg5 42. g3 fxg3 43. Kxg3 a5 44. Rg1 b4 45. Kf3 h6 46. Ke2
Rb5 0-1

[Event "C.to Provinciale TP"]
[Site "Erice ITA"]
[Date "2010.01.11"]
[Round "2"]
[White "Romeo, Ettore"]
[Black "Monaco, Alessandro"]
[Result "0-1"]
[WhiteElo "1335"]
[BlackElo "1805"]
[PlyCount "50"]
[EventDate "2010.01.10"]

1. e4 d5 2. Nc3 dxe4 3. Nxe4 Bf5 4. d3 e6 5. Ng5 Be7 6. N1f3 h6 7. Ne4 Nd7 8.
Nd4 Bxe4 9. dxe4 Ngf6 10. Bb5 c6 11. Bc4 Nb6 12. Qd3 Qc7 13. Qg3 Qxg3 14. fxg3
Nxc4 15. O-O Bc5 16. Rd1 Rd8 17. c3 e5 18. b3 exd4 19. Kf2 Ne5 20. Bf4 d3+ 21.
Be3 Nfg4+ 22. Ke1 Nxe3 23. Rd2 Nc2+ 24. Kf1 Ng4 25. Rc1 Nxh2# 0-1

[Event "C.to Provinciale TP"]
[Site "Erice ITA"]
[Date "2010.01.11"]
[Round "2"]
[White "Romeo, Giacomo"]
[Black "Bucaria, Ester"]
[Result "0-1"]
[WhiteElo "1488"]
[BlackElo "1224"]
[PlyCount "64"]
[EventDate "2010.01.10"]

1. e4 e5 2. Nf3 Nc6 3. Nc3 Bc5 4. Bc4 Nf6 5. Ng5 O-O 6. O-O d6 7. h3 h6 8. Nf3
Na5 9. d3 a6 10. d4 Nxc4 11. dxc5 dxc5 12. Qe2 Be6 13. b3 Na5 14. Nxe5 Qd6 15.
Nc4 Nxc4 16. bxc4 Qd4 17. Qf3 Qxc4 18. Qg3 Nxe4 19. Nxe4 Qxe4 20. Re1 Qxe1+ 21.
Kh2 Rfd8 22. Bxh6 Qxa1 23. c3 Kf8 24. Qxg7+ Ke8 25. Bg5 Kd7 26. Bxd8 Rxd8 27.
h4 Qd1 28. f3 Qe1 29. h5 Qh4+ 30. Kg1 Kc6 31. g3 Qh3 32. h6 Rd2 0-1